000 03398cam a22007094i 4500
003 PE-LiUPU
005 20250731170458.0
008 150706s2009 sp a rb 000 0 spa d
020 _a8497566300
020 _a9788497566308
035 _a(Sirsi) i9788497566308
040 _aPE-LiUPU
_bspa
_cPE-LiUPU
_dPE-LiUPU
_erda
049 _aPRUA
082 0 4 _a159.93
_bS21
_221
082 0 4 _a159.938
_bS21
_221
100 1 _aSantisteban Requena, Carmen,
_eautor.
245 1 0 _aPrincipios de psicometría /
_cCarmen Santisteban Requena.
264 1 _aMadrid :
_bSíntesis,
_c2009.
300 _a451 p :
_bilustraciones ;
_c23 centímetros.
336 _atext
_2rdacontent
337 _aunmediated
_2rdamedia
338 _avolume
_2rdacarrier
490 0 _aBiblioteca de psicología ;
_v6
504 _aIncluye bibliografía.
505 0 _aPsicometría y teoría de test: Introducción -- Teoría clásica de los test -- Fiabilidad precisión de las medidas -- Fiabilidad variabilidad y longitud de las pruebas -- Fiabilidad consistencia interna: el coeficiente -- Inferencias estimación y contrastes de significación -- Teoría de la generalizabilidad -- La validez -- La validez evaluación de las evidencias de validez -- La validez coeficiente de validez y toma de decisiones -- Teoría de la respuesta al ítem -- Teoría de la respuesta al ítem modelos -- Teoría de la respuesta al ítem funciones de información y aplicaciones -- El sesgo en los test -- Medición y psicometría.
526 _aSEG68
526 _aSEG70
526 _aSEG69
526 _aSEG67
526 _aSEG43
526 _aP144
526 _aP143
526 _aP131
526 _aP122
526 _aP120
526 _aP117
526 _aP112
526 _aP110
526 _aP106
526 _aP101
526 _aP80
526 _aP59
526 _aP54
526 _aP35
526 _aP33
526 _aP30
541 _g001-000128;
541 _g001-000128;
541 _gF002-00000795;
650 0 4 _aPsicometría.
910 _agl
_clch
_d20140213
910 _agl
_clch
_d20151015
910 _adbm
_bsag
_csag
_d20190211
942 _2ddc
_cBOOK
949 _a159.938 S21
_wDEWEY
_c1
_i60447
_d2015-10-15
_e2015-10-14
_lCCODEBUL1
_mBUL
_n2
_p64.00
_r0
_sY
_tBOOK
_u2015-7-6
_xSALUD
_PP33
_0COMPRA
_o.STAFF. Colección Ciencias de la Salud
994 _aC0
_bPEPRU
596 _a1
999 _a159.938 S21
_wDEWEY
_c56254
_i69349
_d56254
_e2015-11-5
_f2021-11-3
_g5
_lCCODEBUL1
_mBUL
_n1
_p64.00
_r0
_sY
_tBOOK
_u2015-7-6
_xSALUD
_zP33
_0COMPRA
_o.STAFF. Colección Ciencias de la Salud
999 _a159.938 S21
_wDEWEY
_c2
_i69350
_d2015-10-16
_e2015-10-15
_lLOST
_mBUL
_n1
_p64.00
_r1
_sY
_tBOOK
_u2015-7-6
_xTEOLOGIA
_zP33
_o.STAFF. Colección Ciencias de la Salud
999 _a159.938 S21
_wDEWEY
_c3
_i60447
_d2019-4-1
_e2019-3-25
_f2021-11-3
_g3
_lCCODEBUL1
_mBUL
_n1
_p64.00
_r0
_sY
_tBOOK
_u2019-2-11
_xSALUD
_zP33
_0COMPRA
_1FCOMPR2
_o.STAFF. Colección Ciencias de la Salud
999 _a159.938 S21
_wDEWEY
_c4
_i79955
_d2019-10-29
_e2019-10-27
_f2021-11-3
_g3
_lCCODEBUL1
_mBUL
_n2
_p39.02
_r0
_sY
_tBOOK
_u2019-2-11
_xSALUD
_zP33
_0COMPRA
_1FCOMPR2
_o.STAFF. Colección Ciencias de la Salud
980 _81
_gALBERTO SANCHEZ Responsable de Automatización